000 00455cam a2200145 4500500
005 20251012011551.0
041 _afre
042 _adc
100 1 0 _aSaladin, Jean-christophe
_eauthor
245 0 0 _aÇa se dispute !
260 _c2016.
500 _a22
786 0 _nPhilosophie magazine | 102 | 9 | 2016-09-01 | p. 42-43 | 1951-1787
856 4 1 _uhttps://shs.cairn.info/magazine-philosophie-magazine-2016-9-page-42?lang=fr&redirect-ssocas=7080
999 _c1523543
_d1523543